| 000 | 00382nam a22001457a 4500 | ||
|---|---|---|---|
| 999 |
_c18053 _d18053 |
||
| 003 | OSt | ||
| 005 | 20230331135407.0 | ||
| 008 | 230331b ||||| |||| 00| 0 eng d | ||
| 040 | _c0 | ||
| 245 |
_a Microinsurance : _ba safety net for all / |
||
| 260 |
_aPhilippines : _bThe Philippine Star, _cAugust 5, 2019. |
||
| 300 | _a2 pages. | ||
| 650 |
_aInsurance. _943006 |
||
| 942 |
_2ddc _cPER |
||